000 00794nam a2200241 i 4500
001 73166
003 ES-MaACL
005 20230906171707.0
007 t|
008 040907s1981 sp ||||1| spa d
020 _a84-7479-102-2
100 1 _aGómez Pompa, Pedro.
_958120
245 1 3 _aLa técnica y la tecnología del riego por aspersión /
_cPedro Gómez Pompa.
260 _a[Madrid] :
_bServicio de Publicaciones Agrarias,
_c[1981]
300 _a385 p. :
_bil. ;
_c20 cm.
490 1 _aSerie técnica
504 _aBibliografía: p. 385.
650 4 _aRiego por aspersión.
_9152399
710 1 _aEspaña.
_bMinisterio de Agricultura.
_bServicio de Publicaciones Agrarias.
_9172211
830 1 _aSerie técnica
_9180903
852 _aES-MaACL
_jL-1432
999 _c73166
_d73166